000
00282pab a2200121 454500
008
180718b xxu||||| |||| 00| 0 eng d
100
_a
Arora, S.C.
245
_a
Role of governors - the Punjab paradigm
650
_a
Punjab
650
_a
Governor
773
_a
Tribune
909
_a
22647
999
_c
22647
_d
22647